Achievements in the first decade of the productivity drive in Japan

Guardat en:
Dades bibliogràfiques
Autor corporatiu: Asian Productivity Organization
Format: Llibre
Idioma:Undetermined
Publicat: Tokyo Asian Productivity Organization 1968
Matèries:
Etiquetes: Afegir etiqueta
Sense etiquetes, Sigues el primer a etiquetar aquest registre!
Thư viện lưu trữ: Trung tâm Học liệu Trường Đại học Cần Thơ
LEADER 00603nam a2200193Ia 4500
001 CTU_94204
008 210402s9999 xx 000 0 und d
082 |a 658 
082 |b A178 
110 |a Asian Productivity Organization 
245 0 |a Achievements in the first decade of the productivity drive in Japan 
245 0 |c Asian Productivity Organization 
260 |a Tokyo 
260 |b Asian Productivity Organization 
260 |c 1968 
650 |a Labor productivity,Industrial management 
650 |z Japan,Japan 
904 |i Giang 
980 |a Trung tâm Học liệu Trường Đại học Cần Thơ